Teachers in the Making/ (Record no. 206200)

MARC details
000 -LEADER
fixed length control field 00575 a2200193 4500
005 - DATE AND TIME OF LATEST TRANSACTION
control field 20241009144843.0
010 ## - LCCN (DPL NO)
LC control number ENG-142002
020 ## - INTERNATIONAL STANDARD BOOK NUMBER
International Standard Book Number 9788170547440
Terms of availability 500.00
035 ## - SYSTEM CONTROL NUMBER
System control number EN-125534
037 ## - SOURCE OF ACQUISITION
Source of stock number/acquisition DBAD
082 ## - DEWEY DECIMAL CLASSIFICATION NUMBER
Classification number 371.10954
Edition number 1
100 ## - MAIN ENTRY--PERSONAL NAME
Personal name Tandon, Shruti
245 ## - TITLE STATEMENT
Title Teachers in the Making/
Statement of responsibility, etc By Shruti Tandon
250 ## - EDITION STATEMENT
Edition statement 1
260 ## - PUBLICATION, DISTRIBUTION, ETC. (IMPRINT)
Place of publication, distribution, etc New Delhi
Name of publisher, distributor, etc Classical Publishing Company
Date of publication, distribution, etc 2016
270 ## - ADDRESS
Address 28, Shopping Centre, Karampura
City New Delhi
State or province Delhi
Postal code 110015
300 ## - PHYSICAL DESCRIPTION
Extent 192p.
Dimensions 22cm.(Hb)
942 ## - ADDED ENTRY ELEMENTS (KOHA)
Institution code [OBSOLETE] dpl
Item type English Books
Source of classification or shelving scheme Dewey Decimal Classification
Classification part 371.10954
Call number suffix TAN
Holdings
Withdrawn status Lost status Not for loan Collection code Home library Current library Date acquired Source of acquisition Cost, normal purchase price Full call number Barcode Copy number Cost, replacement price Koha item type
    Not For Loan Non-fiction D.B.Act.Division D.B.Act.Division 09/10/2024 Delivery of Books Act Division 500.00 371.10954 TAN EN-125534 1 500.00 English Books

© Delhi Public Library
Hit Counter
free hit counter